LEADER 01750oam 2200469M 450 001 9910716475703321 005 20200213070936.4 035 $a(CKB)5470000002521386 035 $a(OCoLC)1065616783 035 $a(OCoLC)995470000002521386 035 $a(EXLCZ)995470000002521386 100 $a20071213d1927 ua 0 101 0 $aeng 135 $aurcn||||||||| 181 $ctxt$2rdacontent 182 $cc$2rdamedia 183 $acr$2rdacarrier 200 10$aDuplicates of coupon bonds. January 10, 1927. -- Committed to the Committee of the Whole House on the State of the Union and ordered to be printed 210 1$a[Washington, D.C.] :$c[U.S. Government Printing Office],$d1927. 215 $a1 online resource (1 page) 225 1 $aHouse report / 69th Congress, 2nd session. House ;$vno. 1710 225 1 $a[United States congressional serial set] ;$v[serial no. 8688] 300 $aBatch processed record: Metadata reviewed, not verified. Some fields updated by batch processes. 300 $aFDLP item number not assigned. 606 $aGovernment securities 606 $aLegislative amendments 606 $aLost articles 608 $aLegislative materials.$2lcgft 615 0$aGovernment securities. 615 0$aLegislative amendments. 615 0$aLost articles. 701 $aUnderhill$b Charles Lee$f1867-1946$pRepublican (MA)$01386821 801 0$bWYU 801 1$bWYU 801 2$bOCLCO 801 2$bOCLCQ 801 2$bOCLCO 801 2$bOCLCQ 906 $aBOOK 912 $a9910716475703321 996 $aDuplicates of coupon bonds. January 10, 1927. -- Committed to the Committee of the Whole House on the State of the Union and ordered to be printed$93436117 997 $aUNINA LEADER 02258nas 2200661-- 450 001 9910133487303321 005 20260218110340.0 011 $a1564-6556 035 $a(DE-599)ZDB2092207-3 035 $a(CKB)110978977734545 035 $a(CONSER)---74640126- 035 $a(DE-599)2092207-3 035 $a(EXLCZ)99110978977734545 100 $a20740228a19679999 --- a 101 0 $aeng 181 $ctxt$2rdacontent 182 $cc$2rdamedia 183 $acr$2rdacarrier 200 10$aAnnual report 210 $a[Washington]$c[International Centre for Settlement of Investment Disputes] 215 $a1 online resource 311 08$aPrint version: Annual report. 0074-2163 (DLC) 74640126 (OCoLC)1791045 517 3 $aICSID annual report 606 $aInternational commercial arbitration$vPeriodicals 606 $aInvestments, Foreign (International law)$vPeriodicals 606 $aInternational commercial arbitration$2fast$3(OCoLC)fst01377215 606 $aInvestments, Foreign (International law)$2fast$3(OCoLC)fst00978411 606 $aWereldbank$2gtt 606 $aArbitrage$2gtt 606 $aInvesteringen$2gtt 606 $aInternational Centre for Settlement of Investment Disputes$2pplt 606 $aReports$2pplt 606 $aDirektinvestition$2stw 606 $aInternationale Schiedsgerichtsbarkeit$2stw 606 $aInvestitionsgarantie$2stw 606 $aWelt$2stw 608 $aPeriodicals.$2fast 608 $aInternet resources.$2gtlm 608 $aPeriodicals.$2lcgft 615 0$aInternational commercial arbitration 615 0$aInvestments, Foreign (International law) 615 7$aInternational commercial arbitration. 615 7$aInvestments, Foreign (International law) 615 17$aWereldbank. 615 17$aArbitrage. 615 17$aInvesteringen. 615 7$aInternational Centre for Settlement of Investment Disputes. 615 7$aReports. 615 7$aDirektinvestition. 615 7$aInternationale Schiedsgerichtsbarkeit. 615 7$aInvestitionsgarantie. 615 7$aWelt. 676 $a341.7/52 906 $aJOURNAL 912 $a9910133487303321 920 $aexl_impl conversion 996 $aAnnual report$9162222 997 $aUNINA